MARC details
| 000 -LEADER |
| fixed length control field |
01442nam a2200253 a 4500 |
| 008 - FIXED-LENGTH DATA ELEMENTS--GENERAL INFORMATION |
| fixed length control field |
100726s2008 ||||||||||||||||| || u |
| 020 ## - INTERNATIONAL STANDARD BOOK NUMBER |
| International Standard Book Number |
9780132397285 |
| 050 ## - LIBRARY OF CONGRESS CALL NUMBER |
| Classification number |
QA 297 Fau |
| 100 ## - MAIN ENTRY--PERSONAL NAME |
| Personal name |
Fausett, Laurene V |
| 245 10 - TITLE STATEMENT |
| Title |
Applied numerical analysis using MATLAB. -- 2nd ed. |
| Statement of responsibility, etc. |
by Laurene V. Fausett |
| 250 ## - EDITION STATEMENT |
| Edition statement |
2nd ed. |
| 260 ## - PUBLICATION, DISTRIBUTION, ETC. |
| Place of publication, distribution, etc. |
Upper Saddle River, NJ: |
| Name of publisher, distributor, etc. |
Pearson-Prentice Hall |
| Date of publication, distribution, etc. |
2008 |
| 260 ## - PUBLICATION, DISTRIBUTION, ETC. |
| Place of publication, distribution, etc. |
Upper Saddle River, NJ: |
| Name of publisher, distributor, etc. |
Person Education |
| Date of publication, distribution, etc. |
2008 |
| 300 ## - PHYSICAL DESCRIPTION |
| Extent |
xiii, 673p.: ill. |
| 350 ## - |
| -- |
0.00 |
| 650 ## - SUBJECT ADDED ENTRY--TOPICAL TERM |
| Topical term or geographic name entry element |
MATLAB (COMPUTER POGAM) |
| 650 ## - SUBJECT ADDED ENTRY--TOPICAL TERM |
| Topical term or geographic name entry element |
COMPUTING |
| 650 ## - SUBJECT ADDED ENTRY--TOPICAL TERM |
| Topical term or geographic name entry element |
NUMERICAL ANALYSIS--DATA PROCESSING |
| 995 ## - |
| -- |
ANNEX COLLECTION (Main Library) |
| -- |
743786 |
| -- |
CBU-MAIN LIBRARY (Kitwe) |
| -- |
0.00 |
| -- |
QA 297 Fau |
| -- |
3 |
| -- |
AVAILABLE |
| -- |
May 9, 2013 |
| -- |
743786 |
| -- |
Annex Low-Usage Collection |
| 995 ## - |
| -- |
MAIN LIBRARY OPEN ACCESS |
| -- |
743787 |
| -- |
CBU-MAIN LIBRARY (Kitwe) |
| -- |
0.00 |
| -- |
QA 297 Fau |
| -- |
4 |
| -- |
AVAILABLE |
| -- |
May 9, 2013 |
| -- |
743787 |
| -- |
Main Library Open Access Collection |
| 995 ## - |
| -- |
MAIN LIBRARY OPEN ACCESS |
| -- |
0.00 |
| -- |
741494 |
| -- |
CBU-MAIN LIBRARY (Kitwe) |
| -- |
1 |
| -- |
0.00 |
| -- |
QA 297 Fau |
| -- |
1 |
| -- |
AVAILABLE |
| -- |
Aug 11, 2010 |
| -- |
741494 |
| -- |
Main Library Open Access Collection |
| 995 ## - |
| -- |
TEXTBOOKS (SMNS) |
| -- |
744644 |
| -- |
CBU-SCHOOL TEXTBOOK COLLECTIONS |
| -- |
0.00 |
| -- |
SCHOOL TEXTBOOK |
| -- |
5 |
| -- |
AVAILABLE |
| -- |
Nov 21, 2013 |
| -- |
744644 |
| -- |
School Collections |
| 995 ## - |
| -- |
ANNEX COLLECTION (Main Library) |
| -- |
743785 |
| -- |
CBU-MAIN LIBRARY (Kitwe) |
| -- |
0.00 |
| -- |
QA 297 Fau |
| -- |
2 |
| -- |
AVAILABLE |
| -- |
May 9, 2013 |
| -- |
743785 |
| -- |
Annex Low-Usage Collection |
| 999 ## - |
| -- |
84297 |
| -- |
84297 |